Thomas and friends: (Record no. 116583)
[ view plain ]
| 000 -LEADER | |
|---|---|
| fixed length control field | 00346nam a2200121 a 4500 |
| 005 - DATE AND TIME OF LATEST TRANSACTION | |
| control field | 20140513081057.0 |
| 008 - FIXED-LENGTH DATA ELEMENTS--GENERAL INFORMATION | |
| fixed length control field | 071022s19uu xx 00 eng d |
| 050 ## - LIBRARY OF CONGRESS CALL NUMBER | |
| Classification number | VCD |
| Item number | Th454 2005 |
| 245 ## - TITLE STATEMENT | |
| Title | Thomas and friends: |
| Remainder of title | making tracks to great destinations. |
| 260 ## - PUBLICATION, DISTRIBUTION, ETC. (IMPRINT) | |
| Place of publication, distribution, etc | Philipines : |
| Name of publisher, distributor, etc | Viva Video, |
| Date of publication, distribution, etc | 2005. |
| 650 ## - SUBJECT ADDED ENTRY--TOPICAL TERM | |
| Topical term or geographic name as entry element | Story telling. |
| Withdrawn status | Lost status | Damaged status | Home library | Current library | Shelving location | Date acquired | Source of acquisition | Cost, normal purchase price | Total Checkouts | Full call number | Barcode | Date last seen | Price effective from | Koha item type |
|---|---|---|---|---|---|---|---|---|---|---|---|---|---|---|
| Elizalde Library | Elizalde Library | Audio Visual Material Section | 10/22/2007 | 150.00 | VCD Th454 2005 | E682 | 05/13/2014 | 05/13/2014 | Audio Visual Materials |